| 000 | 00579cab a2200193 4500 | ||
|---|---|---|---|
| 001 | WB2529-28 | ||
| 008 | 090401t1989 xxu||||| |||| 00| 0 eng d | ||
| 035 | _a(Sirsi) u81215 | ||
| 041 | _aeng | ||
| 245 | _aHousebuilders look to BES schemes | ||
| 260 | _c1989 | ||
| 350 | _a0 | ||
| 490 |
_aBuilding _vvol 254 no 7608 28/7/89 p7 |
||
| 520 | _aHousebuilders , unable to sell homes, are turning to companies set up under the Business Expansion Scheme to buy the properties. | ||
| 650 | _aHOUSING | ||
| 690 | _aPROPERTY LAW AND PRACTICE | ||
| 942 | _n0 | ||
| 948 | _c04/03/1997 | ||
| 999 |
_c51182 _d51182 |
||